La perfidia de los indios___ las bondades del gobierno : imaginarios sociales en discursos oficiales sobre la deportación de los yaquis, 1902-1908 /

Análisis semiótico-hermenéutico del discurso oficial sobre la deportación de indígenas yaquis al sur de México durante la primera década del siglo XX, una de las consecuencias más trágicas de la Guerra del Yaqui, que permite a su autora revelar el imaginario social de la élite sonorense de la época...

Descripción completa

Guardado en:
Detalles Bibliográficos
Autor principal: Guerrero de la Llata, Patricia del Carmen (autor)
Formato: Libro
Idioma:Español
Publicado: Hermosillo, México : El Colegio de Sonora, 2014, c2014
Temas:
Etiquetas: Agrega una etiqueta
Sin etiquetas, Sé el primero en etiquetar este registro!

MARC

LEADER 00000nam^a2200000^a^4500
001 000373449
005 20250521000000.0
009 20260310120048.643
020 |a 978-607-7775-42-3 
037 |a Acervo Xavier Clavigero 
041 |a ESP 
082 |a 972. 17052  |b GUE 
100 |a Guerrero de la Llata, Patricia del Carmen  |e (autor) 
245 1 3 |a La perfidia de los indios___ las bondades del gobierno :  |b imaginarios sociales en discursos oficiales sobre la deportación de los yaquis, 1902-1908 /  |c P.C. Guerrero de la Llata. 
264 4 |a Hermosillo, México :  |b El Colegio de Sonora,  |c 2014, c2014 
300 |a 310 p. 
336 |a texto  |b txt  |2 rdacontenido 
337 |a sin mediación  |b n  |2 rdamedio 
338 |a volumen  |b nc  |2 rdasoporte 
520 |a Análisis semiótico-hermenéutico del discurso oficial sobre la deportación de indígenas yaquis al sur de México durante la primera década del siglo XX, una de las consecuencias más trágicas de la Guerra del Yaqui, que permite a su autora revelar el imaginario social de la élite sonorense de la época respecto de la población indígena del estado. 
649 |a XX 
650 |a Yaquis -  |x Historia -  |x Tema Principal 
650 |a Indígenas de México -  |z Sonora -  |x Historia 
650 |a Indígenas de México (Región Norte) -  |x Historia 
650 |a Imaginario Social -  |z Sonora -  |x Historia -  |y Porfirismo, 1876-1911 -  |x Tema Principal 
650 |a Imaginario Social -  |z México -  |x Historia -  |y Porfirismo, 1876-1911 
650 |a Deportación -  |z Sonora -  |x Historia -  |y Porfirismo, 1876-1911 -  |x Tema Principal 
650 |a Deportación -  |z México -  |x Historia -  |y Porfirismo, 1876-1911 
650 |a Política -  |z Sonora -  |x Historia 
650 |a Política -  |z México -  |x Historia 
650 |a Guerra del Yaqui, 1875-1909 -  |x Historia -  |x Tema Principal 
650 |a Sonora -  |x Historia -  |y Porfirismo, 1876-1911 
650 |a Sonora -  |x Historia -  |y República Liberal, 1867-1911 
650 |a Sonora -  |x Historia -  |y Siglo XIX 
650 |a Sonora -  |x Historia -  |y Siglo XX 
650 |a México -  |x Historia -  |y Porfirismo, 1876-1911 
650 |a México -  |x Historia -  |y República Liberal, 1867-1911 
650 |a México -  |x Historia -  |y Siglo XIX 
650 |a México -  |x Historia -  |y Siglo XX 
910 |a Fondo General 
920 |a Impresos - Libros 
930 |a Colección General 
905 |a 101 
901 |a 0500267454  |b IT1  |c ACC  |u 20250521 
902 |a https://opac.biblio.iteso.mx/vufind/Record/000373449